[Event "Torquay Paignton Walker op"]
[Site "Torquay"]
[Date "2018.09.07"]
[Round "6"]
[White "Ingram, Michael G"]
[Black "Taplin, William"]
[Result "0-1"]
[WhiteElo "101"]
[BlackElo "103"]
[PlyCount "90"]
[EventDate "2018.09.02"]
[EventType "swiss"]
[EventRounds "7"]
[EventCountry "ENG"]
[SourceTitle "CBM 187 Extra"]
[Source "ChessBase"]
[SourceDate "2018.11.04"]
[SourceVersion "1"]
[SourceVersionDate "2018.11.04"]
[SourceQuality "1"]

1. Nf3 d5 2. d4 Nf6 3. Bf4 Bg4 4. e3 e6 5. h3 Bh5 6. Bd3 Bd6 7. g4 Bxf4 8. exf4 Bg6 9. f5 exf5 10. Qe2+ Qe7 11. Qxe7+ Kxe7 12. Bxf5 Bxf5 13. gxf5 Re8 14. Nc3 Kf8+ 15. Ne5 Nbd7 16. 0-0-0 Nxe5 17. dxe5 Rxe5 18. Nb5 c6 19. Nd4 Rae8 20. f4 Re4 21. Rhf1 Re3 22. Nf3 Nh5 23. c4 Nxf4 24. Ng5 Nxh3 25. Nxh3 Rxh3 26. cxd5 cxd5 27. Rxd5 Rc8+ 28. Kb1 Re3 29. Rd7 Re7 30. Rfd1 Ke8 31. Rxe7+ Kxe7 32. Rf1 Kf6 33. Rd1 Re8 34. Kc2 g5 35. fxg6 hxg6 36. Rd7 Re7 37. Rd6+ Ke5 38. Rd1 f5 39. Rg1 Kf6 40. Kd3 g5 41. Rg2 g4 42. Kd4 Kg5 43. Kd5 f4 44. Kd6 f3 45. Rf2 Re2 0-1

[Event "Torquay Paignton Walker op"]
[Site "Torquay"]
[Date "2018.09.04"]
[Round "3"]
[White "Gordon, Philip"]
[Black "Ingram, Michael G"]
[Result "0-1"]
[WhiteElo "109"]
[BlackElo "101"]
[PlyCount "126"]
[EventDate "2018.09.02"]
[EventType "swiss"]
[EventRounds "7"]
[EventCountry "ENG"]
[SourceTitle "CBM 187 Extra"]
[Source "ChessBase"]
[SourceDate "2018.11.04"]
[SourceVersion "1"]
[SourceVersionDate "2018.11.04"]
[SourceQuality "1"]

1. c4 d6 2. Nc3 Nf6 3. g3 e5 4. Bg2 c6 5. a3 Be7 6. b4 Be6 7. d3 a6 8. a4 d5 9. cxd5 Nxd5 10. Nxd5 Bxd5 11. Bxd5 Qxd5 12. e4 Bxb4+ 13. Ke2 Qe6 14. Nf3 h6 15. d4 Qg4 16. h3 Qxe4+ 17. Be3 Nd7 18. dxe5 Nxe5 19. Nxe5 Qxe5 20. f4 Qe6 21. Qd4 a5 22. Qxg7 Rf8 23. Rad1 c5 24. f5 Qe4 25. Rhf1 Qc2+ 26. Kf3 Qxf5+ 27. Kg2 Qc2+ 28. Kg1 Qg6 29. Qe5+ Qe6 30. Qf4 c4 31. Bc1 c3 32. Rfe1 Bc5+ 33. Kg2 c2 34. Rxe6+ fxe6 35. Qd2 Rf2+ 36. Qxf2 Bxf2 37. Rd2 Bc5 38. Rxc2 b6 39. Bxh6 Kf7 40. Rc4 Re8 41. Re4 e5 42. Bd2 Ke6 43. Bc3 Kd5 44. Rg4 e4 45. Kf1 Kc4 46. Bd2 Kd3 47. Bh6 e3 48. Bxe3 Bxe3 49. h4 Rf8+ 50. Kg2 Rf2+ 51. Kh3 Ra2 52. h5 Bg1 53. Rf4 Be3 54. Rh4 Ra1 55. Kg4 Rxa4+ 56. Kh3 Rxh4+ 57. Kxh4 a4 58. g4 a3 59. g5 a2 60. h6 a1Q 61. Kh5 Qh8 62. Kg6 Qg8+ 63. Kh5 Qxg5# 0-1

[Event "Torquay Paignton Walker op"]
[Site "Torquay"]
[Date "2018.09.02"]
[Round "1"]
[White "Hamilton, Ray P"]
[Black "Ingram, Michael G"]
[Result "1-0"]
[WhiteElo "118"]
[BlackElo "101"]
[PlyCount "73"]
[EventDate "2018.09.02"]
[EventType "swiss"]
[EventRounds "7"]
[EventCountry "ENG"]
[SourceTitle "CBM 187 Extra"]
[Source "ChessBase"]
[SourceDate "2018.11.04"]
[SourceVersion "1"]
[SourceVersionDate "2018.11.04"]
[SourceQuality "1"]

1. e4 d6 2. d4 Nf6 3. Nc3 e5 4. d5 Be7 5. Nf3 h6 6. h3 c6 7. a4 a6 8. Bc4 a5 9. 0-0 Nbd7 10. Qe2 Qc7 11. Be3 Nf8 12. dxc6 bxc6 13. Nh4 g5 14. Nf5 Bxf5 15. exf5 d5 16. Ba2 d4 17. Qc4 Rh7 18. Nb5 Qc8 19. Nxd4 exd4 20. Bxd4 N8d7 21. Rfe1 Kf8 22. Qe2 Bd6 23. Qd3 Qc7 24. Rad1 Rg7 25. Qc3 Bb4 26. Qc4 Bxe1 27. Rxe1 h5 28. Qc3 Qd6 29. Be6 fxe6 30. fxe6 Qb4 31. Qe3 Qe7 32. Qc3 c5 33. Be3 Nd5 34. Qd2 Nxe3 35. exd7 Qxd7 36. Qxe3 Qe7 37. Qf3+ 1-0

[Event "Brighton e2e4 Major"]
[Site "Brighton"]
[Date "2013.02.19"]
[Round "6"]
[White "Ingram, Michael G"]
[Black "Spooner, Keith C"]
[Result "1/2-1/2"]
[WhiteElo "1662"]
[BlackElo "1519"]
[PlyCount "186"]
[EventDate "2013.02.16"]
[EventType "swiss"]
[EventRounds "9"]
[EventCountry "ENG"]
[SourceTitle "EXT 2014"]
[Source "ChessBase"]
[SourceDate "2013.11.20"]
[SourceVersion "1"]
[SourceVersionDate "2013.11.20"]
[SourceQuality "1"]

1. e4 e5 2. Nf3 Nc6 3. g3 d6 4. Bg2 Bg4 5. 0-0 Nd4 6. Re1 Qf6 7. Re3 h5 8. c3 Nxf3+ 9. Bxf3 Qh6 10. d4 Bd7 11. dxe5 dxe5 12. Rd3 Qc6 13. Be3 Nf6 14. Nd2 g6 15. b3 Be7 16. Nc4 Qe6 17. a4 h4 18. g4 Nxg4 19. Bxg4 Qxg4+ 20. Qxg4 Bxg4 21. Nxe5 Be6 22. c4 Rh5 23. Nf3 c5 24. Nd2 b6 25. f4 Rd8 26. Rxd8+ Bxd8 27. Nf3 Bg4 28. Rf1 Bxf3 29. Rxf3 h3 30. Kf2 Bh4+ 31. Ke2 Be7 32. Kd3 Kd7 33. e5 Ke6 34. Bd2 a5 35. Bc3 Bd8 36. Ke4 Rh4 37. Ke3 Rh5 38. Ke4 Be7 39. Ke3 Bd8 40. Rf1 Be7 41. Kf3 Kf5 42. Re1 Ke6 43. Rg1 Kf5 44. Be1 Bd8 45. Bg3 Be7 46. Rd1 Ke6 47. Rd5 Rh7 48. Ke4 Rh5 49. Rd1 Rf5 50. Kf3 Rh5 51. Kg4 Rh7 52. Rf1 f5+ 53. exf6 Bxf6 54. Re1+ Kf7 55. f5 gxf5+ 56. Kxf5 Rh5+ 57. Kg4 Rh6 58. Rd1 Rh8 59. Bc7 Rh4+ 60. Kg3 Re4 61. Rd3 Be5+ 62. Bxe5 Rxe5 63. Kxh3 Ke6 64. Kg4 Re4+ 65. Kf3 Rh4 66. Kg3 Rd4 67. Rf3 Ke5 68. h4 Rd1 69. h5 Rd6 70. Kg4 Rd4+ 71. Kg5 Rd1 72. h6 Rg1+ 73. Kh5 Rh1+ 74. Kg6 Rg1+ 75. Kh7 Rg5 76. Rf8 Kd4 77. Rg8 Rh5 78. Kg6 Rh3 79. h7 Kc3 80. Rb8 Kxb3 81. Rxb6+ Kxc4 82. Rb5 Rg3+ 83. Kf7 Rh3 84. Kg7 Rg3+ 85. Kh8 Rg4 86. Rxa5 Kb4 87. Ra7 c4 88. Rg7 Rh4 89. Kg8 c3 90. h8Q Rxh8+ 91. Kxh8 Kxa4 92. Rg4+ Kb3 93. Rg3 Kb2 1/2-1/2